Arabischer Frühling: Arabien ist nicht gleich Islam ; für eine Demokratisierung sind die Christen unerlässlich
| 1. VerfasserIn: | |
|---|---|
| Medienart: | Druck Aufsatz |
| Sprache: | Deutsch |
| Verfügbarkeit prüfen: | HBZ Gateway |
| Fernleihe: | Fernleihe für die Fachinformationsdienste |
| Veröffentlicht: |
2005
|
| In: |
Internationale Politik
Jahr: 2005, Band: 60, Heft: 7, Seiten: 84-89 |
| weitere Schlagwörter: | B
Bedeutung
B Christentum B Islam B Arabische Staaten B Libanon B Demokratisierung B Geschichte B Interreligiöser Dialog B Christ B Rolle |
MARC
| LEADER | 00000caa a22000002c 4500 | ||
|---|---|---|---|
| 001 | 1661976441 | ||
| 003 | DE-627 | ||
| 005 | 20231219061712.0 | ||
| 007 | tu | ||
| 008 | 070424s2005 xx ||||| 00| ||ger c | ||
| 035 | |a (DE-627)1661976441 | ||
| 035 | |a (DE-576)263989690 | ||
| 035 | |a (DE-599)BSZ263989690 | ||
| 035 | |a (DE-615)00478951 | ||
| 040 | |a DE-627 |b ger |c DE-627 |e rakwb | ||
| 041 | |a ger | ||
| 084 | |a RG00.11 |2 fivr | ||
| 084 | |a SG09 |2 fivs | ||
| 084 | |a SF01.01 |2 fivs | ||
| 084 | |a 0 |2 ssgn | ||
| 100 | 1 | |0 (DE-588)138123896 |0 (DE-627)59988343X |0 (DE-576)185762484 |4 aut |a Kattan, Assaad Elias |d 1967- | |
| 109 | |a Kattan, Assaad Elias 1967- |a Kattan, Assaad E. 1967- |a Qaṭṭān, Asʿd 1967- |a Qaṭṭān, Asʿad 1967- |a Asʿad Qaṭṭān 1967- |a Asʿd Qaṭṭān 1967- | ||
| 245 | 1 | 0 | |a Arabischer Frühling |b Arabien ist nicht gleich Islam ; für eine Demokratisierung sind die Christen unerlässlich |c Assaad E. Kattan |
| 264 | 1 | |c 2005 | |
| 300 | |a 60 (Juli 2005) 7, S. 84-89 |b Lit.Hinw. | ||
| 336 | |a Text |b txt |2 rdacontent | ||
| 337 | |a ohne Hilfsmittel zu benutzen |b n |2 rdamedia | ||
| 338 | |a Band |b nc |2 rdacarrier | ||
| 601 | |a Demokratisierung | ||
| 650 | 0 | 7 | |0 (DE-588)4010071-6 |0 (DE-627)106359940 |0 (DE-576)208885773 |a Christ |2 gnd |
| 650 | 0 | 7 | |0 (DE-588)4010074-1 |0 (DE-627)104493933 |0 (DE-576)20888579X |a Christentum |2 gnd |
| 650 | 0 | 7 | |0 (DE-588)4005184-5 |0 (DE-627)104325550 |0 (DE-576)20885973X |a Bedeutung |2 gnd |
| 650 | 0 | 7 | |0 (DE-588)4130478-0 |0 (DE-627)105702277 |0 (DE-576)20961935X |a Rolle |2 gnd |
| 650 | 0 | 7 | |0 (DE-588)4124941-0 |0 (DE-627)105743879 |0 (DE-576)20957237X |a Demokratisierung |2 gnd |
| 650 | 0 | 7 | |0 (DE-588)4192352-2 |0 (DE-627)105235164 |0 (DE-576)210079924 |a Interreligiöser Dialog |2 gnd |
| 650 | 0 | 7 | |0 (DE-588)4027743-4 |0 (DE-627)106283499 |0 (DE-576)20897220X |a Islam |2 gnd |
| 650 | 0 | 7 | |0 (DE-588)4020517-4 |0 (DE-627)106317768 |0 (DE-576)208933697 |a Geschichte |2 gnd |
| 651 | 7 | |0 (DE-588)4068789-2 |0 (DE-627)104288671 |0 (DE-576)20917465X |a Arabische Staaten |2 gnd | |
| 651 | 7 | |0 (DE-588)4035567-6 |0 (DE-627)104578068 |0 (DE-576)209013486 |a Libanon |2 gnd | |
| 773 | 0 | 8 | |i In |t Internationale Politik |d Berlin : Deutsche Gesellschaft für Auswärtige Politik, 1995 |g 60(2005), 7, Seite 84-89 |w (DE-627)182605892 |w (DE-600)1220775-5 |w (DE-576)045296375 |x 1430-175X |7 nnas |
| 773 | 1 | 8 | |g volume:60 |g year:2005 |g number:7 |g pages:84-89 |
| 935 | |a mteo | ||
| 936 | f | i | |0 (DE-627)1756133514 |a RG00.11 |b Arabische Länder |k Arabische Länder |2 fivr |
| 936 | f | i | |0 (DE-627)1756136092 |a SG09 |b Religion/Religionsgemeinschaften |k Gesellschaft |k Religion/Religionsgemeinschaften |2 fivs |
| 936 | f | i | |0 (DE-627)1756135746 |a SF01.01 |b Politischer Systemwandel/Demokratisierung |k Staat |k Politisches System/Verfassung |k Politischer Systemwandel/Demokratisierung |2 fivs |
| 938 | 1 | 0 | |0 (DE-627)1756206589 |0 (DE-615)6610187 |a Arabische Länder |2 fivt |
| 938 | 1 | 0 | |0 (DE-627)1756161690 |0 (DE-615)6602275 |a Libanon |2 fivt |
| 938 | 1 | 0 | |0 (DE-627)1756152209 |0 (DE-615)6608584 |a Christen |2 fivt |
| 938 | 1 | 0 | |0 (DE-627)1756175446 |0 (DE-615)6605117 |a Christentum |2 fivt |
| 938 | 1 | 0 | |0 (DE-627)1756231834 |0 (DE-615)6601088 |a Bedeutung/Rolle |2 fivt |
| 938 | 1 | 0 | |0 (DE-627)1756165505 |0 (DE-615)6601986 |a Demokratisierung |2 fivt |
| 938 | 1 | 0 | |0 (DE-627)1756180415 |0 (DE-615)6608865 |a Beziehungen zwischen religiösen Gruppen/Religionsgemeinschaften |2 fivt |
| 938 | 1 | 0 | |0 (DE-627)1756169551 |0 (DE-615)6605656 |a Islam |2 fivt |
| 938 | 1 | 0 | |0 (DE-627)1756190704 |0 (DE-615)6607505 |a Geschichtlicher Überblick |2 fivt |
| 938 | 1 | 1 | |0 (DE-627)1756237042 |0 (DE-615)6606545 |a Gesellschaftliche Prozesse |2 fiva |
| 938 | 1 | 1 | |0 (DE-627)1756180741 |0 (DE-615)6608686 |a Kulturkontakt |2 fiva |
| 951 | |a AR | ||
| ELC | |b 1 | ||
| ITA | |a 1 |t 1 | ||
| LOK | |0 000 xxxxxcx a22 zn 4500 | ||
| LOK | |0 001 4426530342 | ||
| LOK | |0 003 DE-627 | ||
| LOK | |0 004 1661976441 | ||
| LOK | |0 005 20231219173124 | ||
| LOK | |0 008 231205||||||||||||||||ger||||||| | ||
| LOK | |0 040 |a DE-Tue135 |c DE-627 |d DE-Tue135 | ||
| LOK | |0 092 |o n | ||
| LOK | |0 852 |a DE-Tue135 | ||
| LOK | |0 852 1 |9 00 | ||
| LOK | |0 935 |a fivi | ||
| LOK | |0 939 |a 05-12-23 |b l01 | ||
| ORI | |a SA-MARC-ixtheoa001.raw | ||
| REL | |a 1 | ||
| STA | 0 | 0 | |a Arab countries,Christian,Christian,Christianity,Christian world view,World view,Christian ideology,Democratization,History,History,History in art,Interfaith dialogue,Interreligious relations,Interreligious dialog,Interreligious encounter,Islam,Islam,Lebanon,Lebanon,Lebanon,Southern Lebanon,Meaning,Significance,Role |
| STB | 0 | 0 | |a Christianisme,Christianisme,Chrétien,Chrétien,Dialogue interreligieux,Dialogue interreligieux,Démocratisation,Histoire,Histoire,Histoire,Islam,Islam,Rôle,Signification |
| STC | 0 | 0 | |a Cristianismo,Cristianismo,Cristiandad,Cristiandad,Cristiandad (Motivo),Cristiandad,Cristiano,Cristiano,Democratización,Diálogo interreligioso,Diálogo inter-religioso,Historia,Historia,Historia,Islam,Islam,Rol,Papel,Papel,Significado |
| STD | 0 | 0 | |a Cristianesimo,Cristianesimo,Cristiano,Cristiano,Democratizzazione,Dialogo interreligioso,Dialogo interreligioso,Islam,Islam,Ruolo,Significato,Storia,Storia |
| STE | 0 | 0 | |a 伊斯兰教,伊斯兰教,回教,回教,历史,史,基督徒,基督徒,基督教,基督教,基督教世界观,宗教间关系,意义,含意,民主化,角色,作用 |
| STF | 0 | 0 | |a 伊斯蘭教,伊斯蘭教,回教,回教,基督徒,基督徒,基督教,基督教,基督教世界觀,宗教間關係,意義,含意,歷史,史,民主化,角色,作用 |
| STG | 0 | 0 | |a Cristianismo,Cristianismo,Cristandade,Cristandade,Cristandade (Motivo),Cristandade,Cristão,Cristão,Democratização,Diálogo inter-religioso,Diálogo inter-religioso,História,História,Islã,Islã,Papel,Significado |
| STH | 0 | 0 | |a Демократизация,Значение,Ислам (мотив),Ислам,История (мотив),История,Межрелигиозный диалог,Роль,Христианин (мотив),Христианин,Христианство (мотив),Христианство |
| STI | 0 | 0 | |a Διαθρησκειακός διάλογος,Εκδημοκρατισμός,Ισλάμ (μοτίβο),Ισλάμ,Ιστορία (μοτίβο),Ιστορία,Ρόλος,Σημασία,Έννοια,Χριστιανισμός (μοτίβο),Χριστιανισμός,Χριστιανός (μοτίβο),Χριστιανός |
| SUB | |a REL | ||
| SYE | 0 | 0 | |a Crist , Christin,Christen,Christliche Persönlichkeit,Christen , Christianity,Christliche Mission,Missionierung,Christenheit,Christianitas,Christliche Religion,Christliche Weltanschauung , Sinn , Democratization,Gesellschaft , Interreligiöse Beziehung,Interreligiöse Begegnung,Interreligiöser Kontakt,Religionskontakt , Islam , History,Geschichtliche Epoche,Historical development,Historische Entwicklung,Landesgeschichte,Regionalgeschichte,Ortsgeschichte,Zeitgeschichte |
| SYF | 0 | 0 | |a Arab countries,Arabische Länder,Arabische Welt , Arabische Länder,Arabisches Sprachgebiet , Libanon-Gebirge,Lubnān,Libanesische Republik,al- Ǧumhūrīya al-Lubnānīya,République Libanaise,Republic of Lebanon,Lebanese Republic,Liban,Lebanon,Lubnan |



